000 nam a22 7a 4500
999 _c17648
_d17648
008 161128b xxu||||| |||| 00| 0 eng d
050 _aPR 2976 .T73 1969
100 _aTraversi,D.A
_d1969
245 _aAn approach to shakespeare.
_cD.A.Traversi
260 _aNY:
_bAnchor books,
_c1969.
300 _axxiv,376p.:ill
942 _2lcc
_cBOOKS
_hPR 2976 .T73 1969